Transfer grammar components for malayalam - hindi machine translation system (Record no. 4898)

MARC details
000 -LEADER
fixed length control field 00645nam a22001937a 4500
003 - CONTROL NUMBER IDENTIFIER
control field OSt
005 - DATE AND TIME OF LATEST TRANSACTION
control field 20220107122807.0
008 - FIXED-LENGTH DATA ELEMENTS--GENERAL INFORMATION
fixed length control field 151126b xxu||||| |||| 00| 0 eng d
040 ## - CATALOGING SOURCE
Transcribing agency
100 ## - MAIN ENTRY--PERSONAL NAME
Personal name Shabina Bhaskar (93514013)
9 (RLIN) 8143
245 ## - TITLE STATEMENT
Title Transfer grammar components for malayalam - hindi machine translation system
500 ## - GENERAL NOTE
General note Mini Project Report, Mphill CS
502 ## - DISSERTATION NOTE
Degree type Mphill. Computer Science
Name of granting institution 2014-2015
Year degree granted INT
-- Elizabeth Sherly
650 ## - SUBJECT ADDED ENTRY--TOPICAL TERM
Topical term or geographic name entry element COMPUTING METHODOLOGIES
9 (RLIN) 8144
650 ## - SUBJECT ADDED ENTRY--TOPICAL TERM
Topical term or geographic name entry element ARTIFICIAL INTELLIGENCE
9 (RLIN) 8145
650 ## - SUBJECT ADDED ENTRY--TOPICAL TERM
Topical term or geographic name entry element NATURAL LANGUAGE PROCESSING
9 (RLIN) 8146
650 ## - SUBJECT ADDED ENTRY--TOPICAL TERM
Topical term or geographic name entry element MACHINE TRANSLATION
9 (RLIN) 8147
942 ## - ADDED ENTRY ELEMENTS (KOHA)
Source of classification or shelving scheme Dewey Decimal Classification
Koha item type
Holdings
Withdrawn status Lost status Source of classification or shelving scheme Damaged status Not for loan Home library Current library Date acquired Total Checkouts Barcode Date last seen Price effective from Koha item type
    Dewey Decimal Classification     IIITM-K Kerala University of Digital Sciences, Innovation and Technology Knowledge Centre 26/11/2015   R-619 26/11/2015 26/11/2015 Project Reports